000 00754nam a2200241Ia 4500
003 OSt
005 20220923224406.0
006 a|||||r|||| 00| 0
007 ta
008 Pun
024 _a231,909
037 _cTextual
040 _aARTS
_cARTS
_bPun
041 _2Pun
_aPun
082 _aO153:g(Y:351), M4
100 _aਸੂਦਨ, ਭੁਪਿੰਦਰ ਸਿੰਘ
245 0 _aਲੋਕ ਸੁਰ ਦੇ ਨਾਲ ਨਾਲ
260 _aਅੰਮ੍ਰਿਤਸਰ
_b ਰਵੀ ਸਾਹਿਤ ਪ੍ਰਕਾFਨ
_c1984
300 _a100ਪੰ
_ccm.
650 _aਪੰਜਾਬੀ ਸਾਹਿਤ
942 _hO153:g(Y:351), M4
_cTEXL
_2CC
999 _c371117
_d371117